Super-Resolution of single image using wavelets and interpolation based hybrid technique (Record no. 210250)
[ view plain ]
| 000 -LEADER | |
|---|---|
| fixed length control field | 00496 a2200169 4500 |
| 003 - CONTROL NUMBER IDENTIFIER | |
| control field | Nust |
| 005 - DATE AND TIME OF LATEST TRANSACTION | |
| control field | 20170207164906.0 |
| 040 ## - CATALOGING SOURCE | |
| Transcribing agency | Nust |
| 082 ## - DEWEY DECIMAL CLASSIFICATION NUMBER | |
| Classification number | 005.1 |
| 100 ## - MAIN ENTRY--PERSONAL NAME | |
| Personal name | NC, Sarwar Tabinda (MSCS-17) |
| 245 ## - TITLE STATEMENT | |
| Title | Super-Resolution of single image using wavelets and interpolation based hybrid technique |
| Statement of responsibility, etc. | NC Tabinda Sarwar |
| 260 ## - PUBLICATION, DISTRIBUTION, ETC. | |
| Place of publication, distribution, etc. | Rawalpindi |
| Name of publisher, distributor, etc. | NUST,MCS |
| Date of publication, distribution, etc. | March-2014 |
| 300 ## - PHYSICAL DESCRIPTION | |
| Extent | vi,72 p |
| 538 ## - SYSTEM DETAILS NOTE | |
| System details note | Almirah No,72 Shelf No,6 |
| 650 ## - SUBJECT ADDED ENTRY--TOPICAL TERM | |
| Topical term or geographic name entry element | interpolation based hybrid technique |
| 651 ## - SUBJECT ADDED ENTRY--GEOGRAPHIC NAME | |
| Geographic name | MSCS-17 |
| 942 ## - ADDED ENTRY ELEMENTS (KOHA) | |
| Koha item type | |
| Withdrawn status | Lost status | Source of classification or shelving scheme | Damaged status | Not for loan | Collection code | Permanent Location | Current Location | Date acquired | Total Checkouts | Full call number | Barcode | Date last seen | Price effective from | Koha item type | Shelving location |
|---|---|---|---|---|---|---|---|---|---|---|---|---|---|---|---|
| Central Library (CL) | Central Library (CL) | 11/09/2020 | 004 | CL-T-1116 | 11/09/2020 | 11/09/2020 | Thesis | ||||||||
| Central Library (CL) | Central Library (CL) | 11/12/2020 | 004 | CL-T-1066 | 11/12/2020 | 11/12/2020 | |||||||||
| Military College of Signals (MCS) | Military College of Signals (MCS) | 12/12/2016 | 005.1 SAR | MCSTCS-319 | 12/08/2016 | 12/12/2016 | Book |
